02419nam a2200361 a 4500001001000000003000900010005001700019007000300036008003700039040003100076082002900107100005200136245018600188260000900374264005300383300008000436336002700516337003300543338002800576504003400604505095100638590002601589650002801615650004901643650004801692700003201740700003801772710005601810910003901866942001201905952012301917999001702040000016368DO-SdBPM20260623134856.0ta100304s20uu dr a 001 0 spa d aDO-SdBPMbspacBPMSU drda 4a616.12bU75m [202-?]2221 a Ureña Rivera, Mildred Ileana eautor 4aut. 10a Manual básico de terapia intensiva cardiovascular /cMildre Ileana Ureña Rivera, Rufino Senen Caba ; editor Ernesto Díaz Alvarez ; colaboradores Carlos Rivera ... [y otros]  a c  aSanto Domingo :bLaboratorio Britania, c[202-?] a208 páginas :bilustraciones, gráficos, tablas, fotografía ;c27 cm. atextobtxt2rdacontent asin mediaciónbn2rdamedia avolumenbnc2rdacarrier aBibliografía : página 1000 aIntroducción. 1 -- Manejo infarto agudo de miocardio con elevación del segmento ST. 2 -- Manejo infarto agudo de miocardio sin elevación del segmento ST. 13 -- Crisis hipertensiva. 32 -- Insuficiencia cardiaca aguda (ICA). 44 --Shock cardiogénico. 51 -- Tromboembolismo pulmonar. 66 -- Reanimación cardiopulmonar y coma inducido. 81 -- Síndrome aórtico agudo 95. -- Manejo de la fibración auricular en situaciones intrahospilarias.113 -- Diagnóstico y manejo de pacientes que presentan síntomas relacionados con la bradicardia en entornos de emergencia y cuidados intensivos. 120 -- Analgesia, sedación y delirium en la unidad de cuidados intensivos cardiovascular clínica. 129 -- Gases arteriales. 139 -- Ventilación mecánica. 150 -- Medicamentos cardiovasculares (Diluciones e infusiones: inotrópicos, antiarrítmicos, antihipertensivos, analgésicos y sedantes) de uso común en UCI. 168 -- Referencias. 200  aInventariado, 2026/VM 7aCardiologíavManuales 7aEnfermedades cardiovascularesxDiagnóstico 7aEnfermedades cardiovascularesxTratamiento 1 aSenen Caba, Rufino eautor 1 aDíaz Alvarez, Ernesto eeditor 2 aAsociación Instituto Dominicano de Cardiología  aVMateo V. Control de calidad BPMSU 2ddccBK 00102ddc708CDaBPMETbBPMETd2026-06-23l0oBPMSU CD 616.12 U75m [202-?]pBPMSU26060715r2026-06-23w2026-06-23yBK c15939d15939